000 00723nam a2200229Ia 4500
001 61758
008 190327n2015 ii |||gr||||Z||||||465
082 _a547
100 _aMukherji, S.M.,
_eAuthor.,
245 0 _aOrganic Chemistry
_cS.M.Mukherji.......et all
_hTextual Documents
250 _a2nd ed.
260 _aNew Delhi
_bNew Age International ( P ) Limited
_c2015
300 _apg xv 728:
_bills;
_c23cm.
_aVol-1:
_aVol-11:
_apg xv 527:
300 _apg x 460.:
_bills;
_c23cm.
_aVol-111:
_aVol I(`xv, 728p)
653 _aOrganic chemistry
653 _aChemistry
653 _aG-Chemistry
700 _aSingh, S.P.,
_eAuthor.,
700 _aKapoor, S.P.,
_eAuthor.,
700 _aDas, R,
_eAuthor.,
942 _2ddc
_cBK
999 _c62866
_d62866